Official Country Name Words - Sudden Death - Statistics

General Stats
  • This quiz has been taken 632 times
    393 since last reset
  • The average score is 10 of 24
Answers on the Grid
Answers color-coded by a green-red scale on the quiz's grid according to % correct below.
Republic
Kingdom
Domain
Region
Nation
Democratic
Communist
Federal
People's
United
Islamic
Hindu
Commonwealth
Country
Islands
Archipelago
Saint
Socialist
North
South
West
New
Old
Co-operative
Oriental
State
Principality
States
Union
Liberal
Free
Great
Law
Official
Independent
Confederation
 
Answer Stats
Answer % Correct
United
70%
Kingdom
69%
Republic
68%
Democratic
65%
North
65%
South
62%
States
61%
People's
60%
Islands
54%
New
51%
Saint
51%
Islamic
44%
Federal
40%
Commonwealth
35%
Socialist
34%
State
34%
Union
31%
Great
30%
Confederation
26%
Principality
26%
Independent
23%
Nation
17%
Co-operative
5%
Oriental
4%
No matching quizzes found
Score Distribution
Percent of People with Each Score
Percentile by Number Answered
Your Score History
You have not taken this quiz since the last reset